| 000 | 02468cab a2200265 a 4500 | ||
|---|---|---|---|
| 005 | 20231108063759.0 | ||
| 008 | 991125c2020 sp fr p o 000 0 spa d | ||
| 035 | _aUPN01000235785 | ||
| 040 |
_aMX-MxUPN _bspa _eaacr2 |
||
| 049 | _aART-E | ||
| 100 | 1 |
_aEscudero Nahón, Alexandro _6- alexandro.escudero@uaq.mx |
|
| 245 | 1 | 0 |
_aAnálisis crítico al término “masivo” en los MOOC: una cartografía conceptual _h[recurso electrónico en línea] |
| 506 | 0 | _aAcceso abierto | |
| 520 | 3 | _aEl modelo original de los Cursos Masivos Abiertos en Línea -MOOC, por sus siglas en inglés- se ha diversificado amplia y profundamente en poco tiempo. La transformación ha sido tal, que es difícil reconocer en los nuevos modelos de MOOC los preceptos de gratuidad, apertura y masividad, que caracterizaron al modelo original. El objetivo de esta investigación documental fue analizar los factores que provocaron dicha transformación. Se aplicó el método de Cartografía Conceptual, que es un procedimiento de análisis crítico en cuatro fases: 1) Búsqueda de documentos pertinentes al problema de investigación; 2) Definición de los criterios de inclusión y exclusión de documentos; 3) Análisis de datos con siete categorías (Desarrollo histórico, Noción, Caracterización, Categorización, Diferenciación, Clasificación y Vinculación); 4) Interpretación de los resultados bajo la perspectiva educativa del e-learning. El hallazgo principal sugiere que el término “masivo” alude solamente a la capacidad que la tecnología digital tiene para matricular masivamente, pero no es un término educativo. De hecho, el término “masivo” es contradictorio con los principios educativos del e-learning, que promueven el diseño de ambientes virtuales y personales de aprendizaje. La diversificación del modelo original de MOOC obedece al desarrollo de criterios educativos que fomentan la personalización del aprendizaje. | |
| 650 | 2 |
_aCartografía _98492 |
|
| 650 | 4 |
_aTecnología educativa _94978 |
|
| 653 | 0 | _aMooc | |
| 653 | 0 | _aE-learning | |
| 773 |
_gVol. 9, no. 1 (2020), p. 188-212 _tEdmetic : revista de educación mediática y tic _x2254-0059 |
||
| 856 | 4 | 0 | _uhttps://helvia.uco.es/xmlui/bitstream/handle/10396/19288/edmetic_09_01_10.pdf?sequence=1&isAllowed=y |
| 856 | 4 | 0 |
_uhttps://doi.org/10.21071/edmetic.v9i1.12252 _zConsultar articulo completo |
| 905 | _aArticulo | ||
| 942 | _cART-E | ||
| 999 |
_c207880 _d207880 |
||